000 00615nam a2200193Ia 4500
003 GCL
008 140319s9999 xx 000 0 ara d
040 _aGCL /
_cGCL
082 0 4 _a815.04
_bس ط
100 1 _aسامى عبدالحميد نورى
245 1 0 _aطرق تدريس الالقاء /
_cسامى عبدالحميد نورى
700 1 _aبدرى حسون فريد
300 _a174 ص
490 _aالهيئة العامة للاستعلامات
_v0
650 0 4 _aالادب العربى
650 0 4 _aالبلاغة العربية
650 0 4 _aالخطابة العربية
942 _2ddc
_cBK
999 _c48329
_d48329